000 00632nam a2200241Ia 4500
008 160803s9999 xx 000 0 und d
020 _a9780439545396
100 _aMoore, Eva
245 4 _aThe Christmas Eve mystery :
245 _band other holiday stories /
245 _cselected by Eva Moore ; illustrations by Tom Newsom.
260 _aNew York :
260 _bScholastic Inc.
260 _c2003
300 _a74 pages :
300 _billustrations ;
300 _c20 cm
650 _aChristmas --
650 _aChristmas stories.
650 _xChristmas poetry.
650 _xFiction.
700 _a570
999 _c299564
_d299564